[Event "IRI-ch U16"]
[Site "Chess.com INT"]
[Date "2021.01.16"]
[Round "4"]
[White "Amoozad Mahdiraji, Ali"]
[Black "Ebrahimi, Sina"]
[Result "0-1"]
[WhiteElo "1130"]
[BlackElo "1569"]
[PlyCount "172"]
[EventDate "2021.01.16"]
[EventType "swiss"]
[EventRounds "11"]
[EventCountry "IRI"]
[SourceTitle "EXT 2022"]
[Source "ChessBase"]
[SourceDate "2021.10.06"]
[SourceVersion "1"]
[SourceVersionDate "2021.10.06"]
[SourceQuality "1"]

1. d4 Nf6 2. Nf3 c5 3. c3 b6 4. Bf4 d6 5. e3 Bb7 6. Nbd2 g6 7. h3 Bg7 8. Bd3 0-0 9. Be2 Nbd7 10. Bh2 a6 11. 0-0 Ra7 12. Ne1 Qa8 13. Bf3 Bxf3 14. Nexf3 b5 15. Re1 Ne4 16. Nxe4 Qxe4 17. Qe2 Rb8 18. a3 a5 19. Qd2 h6 20. Bg3 Rc8 21. Bf4 Nb6 22. Rec1 Nc4 23. Qe2 a4 24. Nd2 Nxd2 25. Qxd2 Rd7 26. Bg3 Rcd8 27. Rd1 e5 28. d5 f5 29. Qd3 Qxd3 30. Rxd3 g5 31. Rdd1 f4 32. exf4 exf4 33. Bh2 Re7 34. Re1 Rde8 35. Rxe7 Rxe7 36. Kf1 Kf7 37. Bg1 Re5 38. Rd1 h5 39. f3 Kg6 40. Bf2 Kf5 41. Rd2 g4 42. hxg4+ hxg4 43. Bg1 Bf6 44. Rd1 Kg5 45. Bf2 Re7 46. Rd2 Kf5 47. Bg1 Rb7 48. Bf2 g3 49. Bg1 b4 50. cxb4 cxb4 51. Bd4 Bxd4 52. Rxd4 bxa3 53. bxa3 Rb1+ 54. Ke2 Rb2+ 55. Kf1 Rf2+ 56. Kg1 Ra2 57. Kf1 Rxa3 58. Rd2 Ke5 59. Ke2 Ra1 60. Kd3 Kxd5 61. Kc3+ Ke5 62. Kb2 Rf1 63. Re2+ Kf5 64. Kc3 Rf2 65. Re8 Rxg2 66. Rf8+ Kg5 67. Rg8+ Kf6 68. Rf8+ Ke5 69. Re8+ Kd5 70. Rf8 Rf2 71. Rxf4 g2 72. Rg4 Rxf3+ 73. Kb2 a3+ 74. Ka2 Rf2+ 75. Kxa3 Ke5 76. Kb3 d5 77. Kc3 Kf5 78. Rg8 Kf4 79. Kd3 Kf3 80. Rf8+ Kg3 81. Rg8+ Kh2 82. Rh8+ Kg1 83. Ke3 Kf1 84. Ra8 g1Q 85. Ra1+ Kg2 86. Rxg1+ Kxg1 0-1